00945nab a22001817a 4500003000400000005001700004008004100021040000700062100002400069245011100093260007200204300001300276500003900289505018900328505008900517650002000606773013700626OSt20260114140446.0190605e xxu||||| |||| 00| 0 spa d cPJ aRomualdi, Emilio E.13aLa propina como oportunidad de ganancia. El DNU 731/2024 y su exclusión como salario /cEmilio Romualdi. aCiudad Autónoma de Buenos Aires :bThomson Reuters La Ley,c2024. ap. 44-55 aCita: TR LALEY AR/DOC/2629/2024.  aSumario: I. Aspectos generales del salario.— II. Formas de pago del salario.— III. La Oportunidad de Ganancia como género.— IV. La propina y el DNU 731.— V. Breve epílogo.  t¿Te interesa el texto completo? Solicitalo al correo: koha@justierradelfuego.gov.ar 0aDERECHO LABORAL0 02711dCiudad Autónoma de Buenos Aires : Thomson Reuters La Ley, 1999-2002.tRevista de derecho del trabajo. Nº 6 - Noviembre 2024